1766 1541 1686 1349 1415 1598 1199 1032 1112 1772 1222 1292 1583 1492 1312 1561 1784 1486 1349 1383 1446 1561 1239 1732 1334 1358 1669 1028 1316 1865 1882 1708 1527 1135 1028 1641 1498 1120 1794 1089 1354 1685 1097 1276 1233 1042 1566 1781 1944 1969 1434 1447 1811 1670 1419 1733 1206 1797 1129 1717 1213 1478 1509 1872 1174 1424 1449 1541 1439 1865 1971 1631 1014 1480 1500 1507 1957 1492 1243 1917 1202 1026 1213 1912 1780 1510 1374 1928 1568 1532 1606 1781 1023 1026 1635 1685 1285 1489 1280 BCNSPRNW ULIB Ver.6.0+V

เปลี่ยนเป็นภาษาไทย

Change to English
 แสดงรายละเอียดบรรณานุกรม
  กลับหน้าหลัก

Brief Record : Get Marc (ISO 2709) : E-mail record : QR code < ปิดหน้าต่าง
LEADER : 00000nam 2200000uu 4500
001    13399112779
003     ULIB
008    110908s2550||||th 000 0 tha d
020    9789748450742
040    cl
050  4 LB1060^bร632ศ
245 00 ศาสตร์และศิลป์เพื่อการพัฒนาแผนกลยุทธ์ภายใต้การจัดการความรู้ในหน่วยงาน =^bKnowledge management for strategic planning/^cบรรณาธิการ รุ้งรังษี วิบูลชัย ... [และคนอื่น ๆ]
246 31 Knowledge management for strategic planning
250    พิมพ์ครั้งที่ 1
260    นนทบุรี :^bสถาบันพระบรมราชชนก กระทรวงสาธารณสุข,^c2550
300    110 หน้า ;^c21 ซม.
650  4 การจัดการความรู้
650  4 การบริหารองค์ความรู้
650  4 การวางแผนเชิงกลยุทธ์
700 0  รุ้งรังษี วิบูลชัย,^d2504- ,^eบรรณาธิการ
710 2  กระทรวงสาธารณสุข. ^bสถาบันพระบรมราชชนก
945    ^p0^l0^i020963
945    ^p0^l0^i020964
945    ^p0^l0^i020965
945    ^p0^l0^i020966
945    ^p0^l0^i020967
945    ^p0^l0^i034156
995    ทศพร
999 ^a ทศพร
รายการนี้ยังไม่มีแท็ก
คุณยังไม่ได้ล็อกอิน คุณสามารถมีกิจกรรมร่วมกับเว็บไซต์ได้ แต่ต้องล็อกอินก่อน ::
  ล็อกอิน

รายการสื่อสารสนเทศ

ลำดับที่ ประเภท เลขเรียก/บาร์โค้ด สถานที่ สถานะ
1. การศึกษาทั่วไป
การศึกษาทั่วไป
LB1060 ร632ศ ฉ.6 
  Barcode: 034156
ห้องสมุดวิทยาเขตสวรรค์ประชารักษ์
►หนังสือทั่วไป
บนชั้น

รายการใกล้เคียง
    หัวเรื่อง [การจัดการความรู้]
    หัวเรื่อง [การบริหารองค์ความรู้]
    หัวเรื่อง [การวางแผนเชิงกลยุทธ์]

BibComment


ยังไม่เคยถูกคอมเมนท์

คอมเมนท์ทรัพยากรรายการนี้
  คอมเมนท์: ศาสตร์และศิลป์เพื..


 Copyright 2026. Bcnsprnw @Library